000 00803nam a2200313Ia 4500
008 160803s9999 xx 000 0 und d
020 _a978-1442420977
100 _aHolub, Joan
245 _aAthena the wise /
245 _cJoan Holub & Suzanne Williams.
260 _aNew York :
260 _bScholastic Inc.
260 _c2011
300 _a246 pages ;
300 _c22 cm.
440 _aGoddess girls ;
440 _vbk. 5
650 _aAthena (Greek deity) --
650 _aAthena (Greek deity) --
650 _aGoddesses, Greek --
650 _aMythology, Greek --
650 _aSchools --
650 _xFiction.
650 _xJuvenile fiction.
650 _xJuvenile fiction.
650 _xJuvenile fiction.
650 _xJuvenile fiction.
700 _a730
999 _c298350
_d298350